| 000 | 00440nam a2200145Ia 4500 | ||
|---|---|---|---|
| 008 | 231129s2010||||xx |||||||||||||| ||spa|| | ||
| 020 | _a978-958-99746-1-2 | ||
| 040 | _bspa | ||
| 082 | _a331.2522 R436t | ||
| 100 | _aRestrepo Otálvaro Silvio | ||
| 245 | 0 | _aTransitoriedades pensionales: Estatuto de transitoriedad | |
| 260 | _c2010 | ||
| 264 | _aUniversidad Libre Seccional Pereira | ||
| 942 |
_2ddc _cBKS |
||
| 999 |
_c25565 _d25565 |
||